駅名に「ターミナル」が含まれる駅 - Statistics

General Stats
  • This quiz has been taken 82 times
  • The average score is 5 of 8
Answer Stats
都道府県 Answer % Correct
東京都 羽田空港第3ターミナル
86%
東京都 羽田空港第1・第2ターミナル
84%
東京都 羽田空港第1ターミナル
82%
東京都 羽田空港第2ターミナル
82%
東京都 東京国際クルーズターミナル
64%
大阪府 フェリーターミナル
53%
兵庫県 ポートターミナル
44%
高知県 デンテツターミナルビル前
32%
No matching quizzes found
Score Distribution
Percent of People with Each Score
Percentile by Number Answered
Your Score History
You have not taken this quiz